| 000 | 00521nam a2200193Ia 4500 | ||
|---|---|---|---|
| 005 | 20250508161505.0 | ||
| 008 | 008 250505s9999 xx 000 0 eng d | ||
| 037 | _aTextual | ||
| 040 |
_aFEDL _beng _cFEDL |
||
| 041 |
_aeng _2eng |
||
| 084 |
_a155.4, PAD _qFEDL |
||
| 100 | _aPadam Chand | ||
| 245 | 0 | _aHappiness in education | |
| 260 |
_aDelhi, India _bThe Happy Schools' Society _c1954 |
||
| 300 | _a114p. | ||
| 650 | _aChild Psychology | ||
| 942 |
_cTEXL _h155.4, PAD |
||
| 999 |
_c1370278 _d1370278 |
||